Estratificación social en la España balmesiana / (Record no. 122246)

MARC details
000 -LEADER
campo de control de longitud fija 00633nam a2200181 4500
001 - NÚMERO DE CONTROL
campo de control 122246
003 - IDENTIFICADOR DE NÚMERO DE CONTROL
campo de control ES-MaACL
005 - FECHA Y HORA DE LA ÚLTIMA TRANSACCIÓN
campo de control 20230906191934.0
007 - CAMPO FIJO DE DESCRIPCIÓN FÍSICA--INFORMACIÓN GENERAL
campo de control de longitud fija t|
008 - DATOS DE LONGITUD FIJA--INFORMACIÓN GENERAL
campo de control de longitud fija 070214s1970 sp r ||||1| spa d
100 1# - ENTRADA PRINCIPAL--NOMBRE DE PERSONA
Nombre de persona Prieto Escudero, Germán.
9 (RLIN) 93926
245 10 - MENCIÓN DEL TÍTULO
Título Estratificación social en la España balmesiana /
Mención de responsabilidad, etc. por Germán Prieto Escudero.
260 ## - PUBLICACIÓN, DISTRIBUCIÓN, ETC.
Lugar de publicación, distribución, etc. Madrid :
Nombre del editor, distribuidor, etc. Instituto Balmes de Sociología,
Fecha de publicación, distribución, etc. 1970.
300 ## - DESCRIPCIÓN FÍSICA
Extensión 20 p. ;
Dimensiones 24 cm.
500 ## - NOTA GENERAL
Nota general Es tirada aparte de: Revista Internacional de Sociología, nº 111 - 112.
710 2# - ENTRADA AGREGADA--NOMBRE DE ENTIDAD CORPORATIVA
Nombre de entidad corporativa o nombre de jurisdicción como elemento de entrada Instituto Balmes de Sociología.
9 (RLIN) 4799
852 ## - LOCALIZACIÓN
Ubicación ES-MaACL
Número de control de estantería 2072-F-20
Sublocalización o colección R.74230
Holdings
Estatus retirado Estado de pérdida Estado de daño No para préstamo Colección Biblioteca de origen Biblioteca actual Ubicación en estantería Fecha de adquisición Fuente de adquisición Total de préstamos Signatura topográfica completa Código de barras Visto por última vez Precio de reemplazo Tipo de ítem Koha
        Colección de folletos Biblioteca del Ateneo de Madrid Biblioteca del Ateneo de Madrid Depósito folletos 17/01/2008     2072-F-20 1127389 23/02/2023 23/02/2023 Folleto